Statistics for Soccer/Football knowledge quiz 1

Click here to take the quiz!

General Stats

  • This quiz has been taken 63 times
  • The average score is 10 of 15

Answer Stats

QuestionAnswerHint% Correct
Which team has the most goals in champions league history?Real Madrid1047 goals (13.07.2023)
94%
Which team won the first world cup in Uruguay, 1930?UruguaySouth America
94%
How many times Belgium won world cup?Zero / 0----------
85%
How many clubs has Zlatan Ibrahimovic played for?Nine / 9Sweden, Netherlands, Italy, Spain, France, USA, England
83%
What coach Cristiano Ronaldo called football father?
Alex FergusonFrom Scotland
81%
What is the most expensive asian football player ever?Heung-min SonThe highest value is 90 million.
79%
Where will the 2023/24 champions league final be played? (stadium)Wembley stadiumIn England
79%
Where will Euro 2024 be played?GermanyCentral Europe
77%
How many times has the Champions League final been played in Great Britain? (without 2023/24)Twelve / 12England, Wales, Scotland
77%
Which club broke the transfer record in one window?Chelsea~600 mln
70%
What was Lionel Messi's first professional contract written on?Paper NapkinUsed in the restaurant.
57%
What was Jürgen Klopp's first professional club he coached?FSV MainzPlays in the Bundesliga.
55%
Who scored the fastest hat-trick in Premier League history?Sadio Mané2 minutes i 56 seconds 2015/16
47%
Which italian team has a castle in the stadium?BolognaThe team's colors are Dark Blue and Red.
36%
Who has scored the most Europa League goals?
(group stage to final)
Radamel FalcaoScored for Porto and Atlético de Madrid.
30%

Score Distribution

Percentile by Number Answered

Percent of People with Each Score

Your Score History

You have not taken this quiz